| 000 | 00399nam a2200145 a 4500 | ||
|---|---|---|---|
| 001 | 5012 | ||
| 003 | CDMR | ||
| 005 | 20130116135303.0 | ||
| 008 | 130130s1986||||||||||||||||||||||||||||d | ||
| 040 |
_aCDMR _bcat _cCDMR |
||
| 245 | 3 | _aLa comunicación de masas y la industria publicitaria | |
| 260 |
_aParis _c1986 _bUNESCO |
||
| 490 | 0 |
_aEstudios y documentos de comunicación social _v97 _92715 |
|
| 942 | _cMON | ||
| 999 |
_c5012 _d5012 |
||